| 000 | 00552nam a2200169Ii 4500 | ||
|---|---|---|---|
| 003 | JO-AjNU | ||
| 008 | 230606s9999||||xx |||||||||||||| ||und|| | ||
| 040 |
_aJO-AjNU _beng _erda _cJO-AjNU |
||
| 041 | _aeng | ||
| 050 | 1 | 4 | _aHD9502.J65.U72.2013 |
| 245 | 0 | 4 | _aThe ministry of energy and mineral resources |
| 300 | _aP48 | ||
| 336 |
_atext _btxt _2rdacontent |
||
| 337 |
_aunmediated _bn _2rdamedia |
||
| 338 |
_avolume _bnc _2rdacarrier |
||
| 650 | 4 |
_aEnergy - Jordan -- Mineral Resources - Jordan -- Jordan. Ministry of Energy and Mineral Resources _93527 |
|
| 999 |
_aE1841 _c1841 _d1841 |
||